00942nam a2200205Ia 4500003000400000005001700004008004100021020001800062040002100080041000800101082002400109100003800133245009300171260006300264300005500327504003800382505023500420650002900655650005200684OSt20200413122854.0191128s2011 ck a gr 000 0 spa d a9789588340647 aCO-JMCRcCO-JMCR0 aspa04a323.11 /bG633p2211 aGómez Baos, Ana Dalila, eautor10aPueblo Rrom, gitano de Colombia : bhaciendo camino al andar / cAna Dalila Gómez Baos aBogotá : bDepartamento Nacional de Planeación, c2011 a123 páginas : bilustraciones a color ; c28 cm. aBibliografía: páginas 117-1210 aAspectos históricos, culturales y políticos del pueblo Rom de Colombia -- Diagnóstico preliminar sobre la situación actual del pueblo Rrom de Colombia -- Itinerario del proceso de reconocimiento del pueblo Rrom de Colombia14aGrupos étnicos gitanos14aRitos y ceremonias Gitanos xhistoriazColombia